MARC details
| 000 -LEADER |
| campo de control de longitud fija |
01445cam a22002174a 4500 |
| 003 - IDENTIFICADOR DE NÚMERO DE CONTROL |
| campo de control |
CoMeUDC |
| 005 - FECHA Y HORA DE LA ÚLTIMA TRANSACCIÓN |
| campo de control |
20210803154258.0 |
| 008 - DATOS DE LONGITUD FIJA--INFORMACIÓN GENERAL |
| campo de control de longitud fija |
040809s2002 kr ao gr 000 0 spa d |
| 020 ## - NÚMERO INTERNACIONAL ESTÁNDAR DEL LIBRO |
| Número Internacional Estándar del Libro |
897375378903910 |
| 040 ## - FUENTE DE CATALOGACIÓN |
| Centro catalogador/agencia de origen |
COBoUEX |
| Centro/agencia transcriptor |
Co-UdeC |
| 041 0# - CÓDIGO DE IDIOMA |
| Código de lengua del texto/banda sonora o título independiente |
spacor |
| 043 ## - CÓDIGO DE ÁREA GEOGRÁFICA |
| Código de área geográfica |
a-kr--- |
| 092 04 - ASIGNACIÓN LOCAL DE SIGNATURA TOPOGRÁFICA DEWEY (OCLC) |
| Número de clasificación |
951.9 |
| Número de ítem |
G943 |
| 245 00 - MENCIÓN DEL TÍTULO |
| Título |
Guía de la herencia cultural de Corea / |
| Mención de responsabilidad, etc. |
Servicio de Información de Corea. |
| 260 ## - PUBLICACIÓN, DISTRIBUCIÓN, ETC. |
| Lugar de publicación, distribución, etc. |
Seúl : |
| Nombre del editor, distribuidor, etc. |
Servicio de Información de Corea, |
| Fecha de publicación, distribución, etc. |
2003. |
| 300 ## - DESCRIPCIÓN FÍSICA |
| Extensión |
382 p. : |
| Otras características físicas |
il., fotos, col. ; |
| Dimensiones |
23 cm. |
| 505 2# - NOTA DE CONTENIDO CON FORMATO |
| Nota de contenido con formato |
Hanbok. Traje coreano, 12 -- Kimchi y bulgogui. Comida sana de Corea, 26 -- Hangeul. El alfabeto coreano, 44 -- Jeryeak. Música de los ritos antiguos de Jongmyo, 58 -- Teatro de baile de las máscaras, 78 -- Taekwondo, 92 -- Ginseng coreano, 106 -- Templo Bulguksa y templo gruta Seokguram, 118 -- Monte Seoraksan, 136 -- Artistas coreanos, 152 -- Herencia de imprenta, 168 -- Instrumentos musicales tradicionales, 182 -- Alfarería, 200 -- Dancheong. Colores decorativos utilizados para edificios, 216 -- Diseños, 230 -- Jangsingu. Adornos personales, 244 -- Jasu. Bordado, 258 -- Objetos de papel, 272 -- Bojagui. Pañuelo para envolver, 286 -- Pintura popular, 300 -- Costumbres de sesi. Ritos y festivales anuales, 314 -- Chamanismo, 328 -- Ritos y costumbres, 342 -- Sireum. Lucha coreana, 352 -- Jardines, 370 |
| 650 #0 - PUNTO DE ACCESO ADICIONAL DE MATERIA--TÉRMINO DE MATERIA |
| 9 (RLIN) |
1780 |
| Término de materia o nombre geográfico como elemento de entrada |
Cultura |
| Subdivisión geográfica |
Corea |
| 650 #0 - PUNTO DE ACCESO ADICIONAL DE MATERIA--TÉRMINO DE MATERIA |
| 9 (RLIN) |
1781 |
| Término de materia o nombre geográfico como elemento de entrada |
Historia |
| Subdivisión geográfica |
Corea |
| 942 ## - ELEMENTOS DE ENTRADA SECUNDARIOS (KOHA) |
| Fuente del sistema de clasificación o colocación |
Clasificación Decimal Dewey |
| Tipo de ítem Koha |
Libros |